000 00581nam a2200229Ia 4500
003 OSt
005 20221005124453.0
006 a|||||r|||| 00| 0
007 ta
008 221004b |||||||| |||| 00| 0 eng d
024 _a38782
037 _cTextual
040 _aCRL
_cCRL
_beng
041 _2eng
_aeng
082 _aO:3K28w, D3
100 _aFroude James Anthony
_9627240
245 0 _aMy relations with Carlyle
260 _c1903
650 _aENGLISH LITERATURE
942 _hO:3K28w, D3
_cTEXL
_2cc
999 _c1050583
_d1050583